Campeones de la Supercopa de España - ¡Muerte súbita! - Estadísticas

Estadísticas generales
  • Esta prueba ha sido intentada 57 veces
  • La puntuación promedio es 7 de 10
Answers on the Grid
Answers color-coded by a green-red scale on the quiz's grid according to % correct below.
Barcelona
Real Madrid
Valencia
Real Betis
Real Saragossa
Villareal
Mallorca
Sevilla
Getafe
Leganes
Cadiz
Deportivo La Coruña
Real Sociedad
Las Palmas
Atletico de Madrid
Rayo Vallecano
Osasuna Pamplona
Deportivo Alaves
Athletic Bilbao
 
Estadísticas de respuestas
Respuesta % Correcto
Barcelona
100%
Real Madrid
100%
Athletic Bilbao
83%
Atletico de Madrid
83%
Valencia
83%
Sevilla
67%
Real Sociedad
61%
Deportivo La Coruña
50%
Mallorca
33%
Real Saragossa
33%
No se encontraron pruebas coincidentes
Distribución de puntuación
Porcentaje de gente con cada puntuación
Porcentaje por número respondido
Historial de tus puntuaciones
No has intentado esta prueba.